Fr. Conceicao Rodrigues College of Engineering

Introduction to Artifical Intelligence (Record no. 19851)

MARC details
000 -LEADER
fixed length control field 00343nam a2200145Ia 4500
082 ## - DEWEY DECIMAL CLASSIFICATION NUMBER
Classification number 6.3
Item number PAN
100 ## - MAIN ENTRY--PERSONAL NAME
Personal name Charniak Eugene
245 ## - TITLE STATEMENT
Title Introduction to Artifical Intelligence
260 ## - PUBLICATION, DISTRIBUTION, ETC.
Name of publisher, distributor, etc. ADDISON-WESLEY PUBLICATION CO.
Place of publication, distribution, etc. California
Date of publication, distribution, etc. 1984
300 ## - PHYSICAL DESCRIPTION
Extent 701
546 ## - LANGUAGE NOTE
Language note ENGLISH
654 ## - SUBJECT ADDED ENTRY--FACETED TOPICAL TERMS
Focus term Computer
942 ## - ADDED ENTRY ELEMENTS (KOHA)
Koha item type BOOK
Holdings
Withdrawn status Lost status Damaged status Not for loan Collection Home library Current library Date acquired Source of acquisition Cost, normal purchase price Total Checkouts Full call number Barcode Date last seen Cost, replacement price Price effective from Koha item type
        CRC Fr. Agnel's C.Rodrigues College of Engineering Fr. Agnel's C.Rodrigues College of Engineering 17/03/2023 global books 507.20   6.3 PAN 7132 17/03/2023 507.20 17/03/2023 BOOK
        CRC Fr. Agnel's C.Rodrigues College of Engineering Fr. Agnel's C.Rodrigues College of Engineering 17/03/2023 global books 507.20   6.3 PAN 7133 17/03/2023 507.20 17/03/2023 BOOK